Normal view
MARC view
- Sumiacher D'Angelo, David
Entry Nombre Personal
001 - NUMERO DE CONTROL
- campo de control: 46082
003 - IDENTIFICADOR DE NUMERO DE CONTROL
- campo de control: UPN
005 - FECHA Y HORA DE LA ÜLTIMA TRANSACCIÓN
- campo de control: 20220920134328.0
008 - DATOS DE LONGITUD FIJA
- campo de control de longitud fija: 220905|| aca||aabn | a|a d
040 ## - FUENTE DE CATALOGACIÓN
- Agencia original de catalogación: MX-MxUPN
- Lenguaje de catalogación: spa
- Agencia de transcripción: MX-MxUPN
100 1# - ENCABEZAMIENTO - NOMBRE PERSONAL
- Nombre personal: Sumiacher D'Angelo, David
400 1# - VEÁSE - NOMBRE DE PERSONA
- Personal name: D'Angelo, David Sumiacher
670 ## - FUENTE EN LA QUE SE LOCALIZARON DATOS
- Cita de la fuente: En la obra: La enseñanza de la filosofía con niños y adolescentes, 2016:
- Información localizada: portada (David Sumiacher D´Angelo)
902 ## - CATALOGADOR
- Catalogador: NDAF/200922
